Environmental science: (Record no. 291)

MARC details
000 -LEADER
fixed length control field 00620nam a22001937a 4500
005 - DATE AND TIME OF LATEST TRANSACTION
control field 20221203020332.0
008 - FIXED-LENGTH DATA ELEMENTS--GENERAL INFORMATION
fixed length control field 221203b |||||||| |||| 00| 0 eng d
020 ## - INTERNATIONAL STANDARD BOOK NUMBER
International Standard Book Number 981-4126-98-5
082 ## - DEWEY DECIMAL CLASSIFICATION NUMBER
Classification number 333.7 B749 2003
100 ## - MAIN ENTRY--PERSONAL NAME
Personal name Botkin, Daniel B.
Relator term author
245 ## - TITLE STATEMENT
Title Environmental science:
Remainder of title earth as a living planet /
Statement of responsibility, etc. Daniel B. Botkin, Edward A. Keller
250 ## - EDITION STATEMENT
Edition statement 4th ed.
260 ## - PUBLICATION, DISTRIBUTION, ETC.
Place of publication, distribution, etc. New Jersey:
Name of publisher, distributor, etc. John Wiley,
Date of publication, distribution, etc. c2003.
300 ## - PHYSICAL DESCRIPTION
Extent xxvii, [722]p.;
Other physical details ill.
500 ## - GENERAL NOTE
General note Includes index
541 ## - IMMEDIATE SOURCE OF ACQUISITION NOTE
Accession number 618 c.1, 619 c.2, 620 c.3,1288 c.4
650 ## - SUBJECT ADDED ENTRY--TOPICAL TERM
Topical term or geographic name entry element Environmental sciences
700 ## - ADDED ENTRY--PERSONAL NAME
Personal name Keller, Edward A.
Relator term author

No items available.